Starting drawing

Bibliographic Details
Main Author: Bowyer, Jason
Format: Book
Published: Leicester : Magna Books , 1993
Subjects:

MARC

LEADER 00000cam a2200000 7i4500
001 0000004486
005 20011029.0
020 |a 1854221841 
090 0 0 |a 741   |b BOW 
100 1 |a Bowyer, Jason 
245 1 0 |a Starting drawing   |c Jason Bowyer 
260 |a Leicester :   |b Magna Books ,   |c 1993 
300 |a 60p. ;   |c 25cm. 
650 0 0 |a Drawing   |x Handbooks, manuals, etc 
999 |a 032739   |b BUKU   |c PINJAMAN   |e PERPUSTAKAAN KOMUNITI PETALING JAYA